00729nam a22002297a 450000500170000001000130001702000230003003500130005303700160006604000120008208200170009424501030011126000400021427000470025430000210030149000460032250000210036865000320038965000180042170000300043970000300046920170124110253.0 aA-953395 c270.00a8125015671 aA-953395 bCen Lib/Ret aDPLbEN a618.326bPRE aPregnancy induced hypertension /cedited by Harshalal R Seneviratne [and] Chandrika N Wijeyaratne  aHyderabad bOrient Longman c1998 bHyderabad a3-6-272, Himayatnagare500 019 a133p. c23cm(Hb) aObstetrics and gynecology in perspective  aIncludes index  aHypertension in pregnancy.  aHypertension. aSeneviratne, Harshalal R  aWijeyaratne, Chandrika N